Přirození vychovatelé /

Main Author: Trstenjak, Davorin, 1817-1890
Other Authors: Queyrat, Frédéric, 1858-1926, Baldwin, James Mark, 1861-1934, Kohoutová, Klára, 1882-.
Language: Czech
Published: V Praze : B. Kočí, 1909
Physical Description: 74 s.
Book
Saved in:
LEADER 01696nam a2200277 a 4500
001 000611289
003 CZ BrMZK
005 20230905121122.0
008 020718s1909 xr f cze d
040 |a BOA001  |b cze 
041 1 |a cze  |h scr  |h fre  |h eng 
100 1 |a Trstenjak, Davorin,  |d 1817-1890  |7 jn20040128016  |4 aut 
245 1 0 |a Přirození vychovatelé /  |c napsal Davorin Trstenjak ; z chorvatského přeložil Ad. Šustr 
260 |a V Praze :  |b B. Kočí,  |c 1909 
300 |a 74 s. 
501 |a Obsahuje přívazky: Obraznost a její druhy u dítěte : pokusná studie psychologická, obrácená na výchovu rozumovou / napsal Frédéric Queyrat, se svolením spisovatelovým přeložil Jan Kosina. V Praze : B. Kočí, 1910. 174 s. Sebevzdělání ; sv. 7. -- Výchova individuální / James Mark Baldwin ; z anglického volně přeložil Jan Mauer, V Zábřeze : Družstva knihtiskárny, 1907. 17 s. -- Uplatnění pedagogických ideí Herbartových ve Spojených státech severoamerických / Klára Kohoutová. V Zábřeze : Družstva knihtiskárny, 1908. 15 s. 
700 1 2 |a Queyrat, Frédéric,  |d 1858-1926  |7 xx0041671 
700 1 2 |a Baldwin, James Mark,  |d 1861-1934  |f 1907  |t Výchova individuální 
700 1 2 |a Kohoutová, Klára,  |d 1882-.  |f 1908  |t Uplatnění pedagogických ideí Herbartových ve Spojených státech severoamerických 
910 |a BOA001  |b PK-II-0002.046 
975 1 |a Queyrat, Frédéric,  |d 1858-1926  |7 xx0041671  |4 aut 
975 1 |a Baldwin, James Mark,  |d 1861-1934  |4 aut  |7 jo2002101204 
975 1 |a Kohoutová, Klára,  |d 1882-  |4 aut  |7 jk01061157 
990 |a BK 
993 |a Y 
996 6 |b BC-37481  |c PK-II-0002.046  |l MZK  |r Sklad / do 1 hodiny  |n 0  |w 000611289  |u 000010  |a 1  |e BOA001  |j MZK50  |s P